Kĩ thuật ghép nối máy vi tính(1)

Na minha lista:
Detalhes bibliográficos
Autor principal: Nguyễn Mạnh Giang
Formato: Livro
Idioma:Vietnamese
Publicado em: Giáo dục 1997
Tags: Adicionar Tag
Sem tags, seja o primeiro a adicionar uma tag!
Thư viện lưu trữ: Mạng thư viện Đại học Đà Nẵng
LEADER 00638nam a2200277 4500
001 000026517
003 546
005 20150325120000.0
008 150325s vm 000 vie
020 |c 46,0000 
040 |a NOTTS 
100 |a Nguyễn Mạnh Giang 
245 |a Kĩ thuật ghép nối máy vi tính(1) 
260 |b Giáo dục  |c 1997 
300 |a 244tr. ; 
OWN |a LTT 
999 |a From the UDN01 
TYP |a Monograph 
TYP |a Printed language 
980 |a Mạng thư viện Đại học Đà Nẵng